000
00250nam a22001217a 4500
003
SGT
082
_a
823
_b
DIC
100
_a
DICKENS CHARLES
245
_a
NICHOLAS NICKLEBY
260
_a
U.K
_b
PENGUIN PUB
_c
1994
300
_a
811
942
_2
ddc
_c
BK
999
_c
33595
_d
33595